Multiple Choice Literature Character Spelling Quiz Stats

 Plays Quiz Updated Nov 15, 2018

Score 0/23 Timer 04:00
0 Plays Today
Question Answer Wrong Answers
The Hound of the Baskervilles Sherlock Holmes
91%
Sherluck Holmes
0.8%
Sherlock Holme
0.5%
Sherlock Hollmes
0.8%
One Thousand and One Nights Aladdin
88.2%
Aladin
2%
Alladin
2.5%
Aladden
0.6%
Moby-Dick Captain Ahab
87.4%
Captain Arab
2.3%
Captain Ahabb
2.3%
Private Ahab
1.1%
To Kill a Mockingbird Atticus Finch
83.8%
Atticus Fich
4.3%
Aticus Finch
4.4%
Aticuss Finch
0.8%
The Jungle Book Mowgli
82.6%
Mogli
4.3%
Mogwli
5.1%
Mawgli
1.5%
Breakfast at Tiffany's Holly Golightly
82.3%
Holly Golightlie
2.4%
Holli Golightly
4.6%
Holly Golitly
3.4%
The Catcher in the Rye Holden Caulfield
78.8%
Holdon Caulfield
5%
Holden Caulifield
7.4%
Holden Caulfields
1.8%
The Hunger Games Katniss Everdeen
78.3%
Katniss Evergreen
5.4%
Katness Everdeen
4.2%
Katniss Everdean
5.4%
Great Expectations Miss Havisham
78.2%
Miss Havishim
3.5%
Miss Havasham
8.3%
Miss Hevisham
2.8%
The Da Vinci Code Robert Langdon
78.1%
Robert Landon
4.3%
Roberto Langdon
4.5%
Robert Langden
5.9%
The Lightning Thief Grover Underwood
78.1%
Glover Underwood
7.5%
Grover Underwoods
3.3%
Groover Underwood
3.8%
Lolita Humbert Humbert
78.1%
Humbart Humbart
8.8%
Humbertt Humbertt
2.6%
Humbort Humbort
3%
The Golden Compass Lyra Silvertongue
74.9%
Lira Silvertongue
8.4%
Lyra Silvartongue
5.7%
Lyra Silvertongues
3.5%
The Girl with the Dragon Tattoo Lisbeth Salander
73.8%
Lisbeth Selander
5.7%
Lisbeth Slender
2.6%
Lisbeth Salender
10.6%
Romeo and Juliet Tybalt
71.3%
Tybilt
1.2%
Tibalt
9.2%
Thibault
11.4%
The Lion, the Witch and the Wardrobe Edmund Pevensie
71.1%
Edmond Pevensie
10.9%
Edmund Pevensee
8.1%
Edmunds Pevensie
2.8%
War and Peace Natasha Rostova
68.6%
Nahtasha Rostova
5.6%
Natasha Rostava
16.5%
Natesha Rostava
1.9%
The Hobbit Thorin Oakenshield
67.4%
Thoren Oakenshield
12.1%
Thorrin Oakanshield
6.5%
Thorinn Oakenshield
6.5%
The Color Purple Celie
65.8%
Ceelie
13.1%
Selie
8.1%
Selly
5.6%
Harry Potter and the Goblet of Fire Minerva McGonagall
62.4%
Minerva McGonagal
16.8%
Minerva MacGonagall
10.7%
Minerva McGonagoll
3.4%
A Game of Thrones Daenerys Targaryen
59%
Deanerys Targaryen
8.4%
Daenerys Targeryen
16.5%
Daenyrys Targaryen
9.2%
Divergent Beatrice Prior
42.3%
Beatrice Pryor
38.3%
Betrice Prior
2.5%
Beatris Prior
9.5%
Pride and Prejudice Elizabeth Bennet
24.6%
Elizabeth Bennett
65.5%
Elizabeth Benet
2%
Elizabeth Benette
1.2%

You're not logged in!

Compare scores with friends on all Sporcle quizzes.
OR
Log In

Show Comments

Extras

Top Quizzes Today


Score Distribution

Your Account Isn't Verified!

In order to create a playlist on Sporcle, you need to verify the email address you used during registration. Go to your Sporcle Settings to finish the process.

Report this User

Report this user for behavior that violates our Community Guidelines.

Details: